[Event "EU-ch 13th"]
[Site "Plovdiv"]
[Date "2012.03.30"]
[Round "10"]
[White "Kuzubov, Yuriy"]
[Black "Azarov, Sergei Nikolaevich"]
[Result "0-1"]
[WhiteElo "2615"]
[BlackElo "2667"]
[Annotator "Likavsky,Tomas"]
[PlyCount "104"]
[EventDate "2012.03.20"]
[EventType "swiss"]
[EventRounds "11"]
[EventCountry "BUL"]
[SourceTitle "CBM 148"]
[Source "ChessBase"]
[SourceDate "2012.05.16"]
[SourceVersion "1"]
[SourceVersionDate "2012.05.16"]
[SourceQuality "1"]

1. d4 d5 2. c4 e6 3. Nc3 Be7 {A very popular line these days.} ({Black avoids} 3... Nf6 4. cxd5 exd5 5. Bg5 {[%csl Yg5][%cal Yg5d8]}) 4. cxd5 exd5 {[%cal Rc1g5,Ge7g5] , which is impossible now.} 5. Bf4 Nf6 ({Also logical is} 5... c6 {[%cal Ge7d6,Gc8f5,Gg8e7] , but White has scored well in the last top level games:} 6. Qc2 Nf6 (6... Bd6 7. Bxd6 Qxd6 8. e3 Qg6 9. Qxg6 hxg6 10. b4 a6 11. f3 Nd7 12. Bd3 Ne7 13. Nge2 g5 14. Kf2 Nf6 15. g4 Kd8 16. Kg3 Bd7 17. a4 Nc8 18. h3 Re8 19. Kf2 Nd6 20. a5 Re7 21. Rac1 Nfe8 22. Ng3 g6 23. h4 gxh4 24. Rxh4 f5 25. gxf5 Nxf5 26. Nxf5 gxf5 27. Rh8 Rb8 28. Na4 Kc7 29. Nb6 Be6 30. Rf8 Rf7 31. Rxf7+ Bxf7 32. Bxf5 {1-0 Nakamura,H (2774)-Ponomariov,R (2754)/Saint Louis 2011/CBM 143 (44)}) 7. h3 g6 8. e3 Bf5 9. Qd2 h5 10. Bd3 Bxd3 11. Qxd3 Nbd7 12. Nge2 a5 13. O-O O-O 14. f3 b5 15. e4 dxe4 16. fxe4 Nc5 17. Qf3 Ne6 18. Be3 b4 19. Nb1 Nh7 20. Nd2 Rc8 21. Rad1 Bh4 22. g3 Bf6 23. Nc4 Bg7 24. b3 Qe7 25. Qg2 Nc7 26. Nxa5 Rfe8 27. e5 Nd5 28. Bd2 Red8 29. Nf4 Qa7 30. Nxc6 {1-0 Carlsen,M (2835)-Aronian,L (2805)/Wijk aan Zee 2012/CB04_2012 (43)}) 6. e3 Bf5 7. Nge2 ({Sergei had to solve more problems in this his recent game:} 7. Qb3 Nc6 8. g4 Bxg4 ({Black probably has more chances if he "gets on the crazy train" after:} 8... Nxg4 9. Qxd5 Qc8 10. Qg2 O-O 11. e4 Bxe4 12. Nxe4 Bb4+ 13. Nc3 Qf5 14. Be2 Rfe8 15. Kf1 Nf6 16. Bh6 g6 17. Qg5 Nxd4 18. Rd1 Bxc3 19. bxc3 Ne4 20. Qxf5 Nxf5 21. Bd2 Rad8 22. Be1 {1-0 Aronian,L (2808)-Kramnik,V (2785)/Monte Carlo 2011/CBM 142 (39)}) 9. Qxb7 Bd7 10. Bxc7 Qc8 11. Ba6 Nb4 12. Qxc8+ Bxc8 13. Bb5+ Bd7 14. Kf1 Rc8 15. Bxd7+ Kxd7 16. Be5 Ne4 17. Nge2 f6 18. Bg3 h5 19. h4 Nd3 20. Kg2 Ke6 21. Rab1 g5 22. Rhd1 Nxb2 23. Nxe4 Nxd1 24. Nc5+ Bxc5 25. dxc5 gxh4 26. Bd6 {1-0 Fridman,D (2660)-Azarov,S (2667)/Jurmala 2012/CB07_2012 (34)}) 7... O-O 8. Ng3 Be6 {[%csl Rg3][%cal Gc7c5,Yb8c6,Yd5d4,Rg3d4][%mdl 32] You can wonder why for heaven's sake Black plays at first f5 and then (after g3 with tempo) draws back the  on to a passive position - e6. The explanation is simple. The g3 doesn't cover the d4-square and Black's plan is to break through the centre and equalise.} ({Of course not} 8... Bg6 $2 {just asking for an attack on the black king.} 9. h4 $40 h6 10. Bd3 $5 Bxd3 11. Qxd3 {[%cal Gg3f5,Ge1c1,Gg2g4]}) 9. Be2 ({A much more popular try is to develop the  on to a more active position} 9. Bd3 $1 {, which allows White (among other options) sometimes to block the centre - in the event of d5-d4 to answer e3-e4 like here:} c5 10. dxc5 Bxc5 11. O-O Nc6 12. Nb5 (12. Rc1 {also looks promising for White. He was better in these two recent games.} d4 (12... Bb6 13. Na4 h6 14. Ne2 Ne4 15. h3 Re8 16. a3 Rc8 17. b4 $14 {0-1 Volkov,S (2633)-Kornev,A (2530)/Moscow 2012/CB05_2012 (43)}) 13. Nce4 Be7 14. Nf5 ({We aslo already saw} 14. Nxf6+ Bxf6 15. e4 (15. Ne4 $5)) 14... Bxf5 15. Nxf6+ Bxf6 16. Bxf5 Re8 17. Qb3 dxe3 18. Bxe3 Nd4 19. Bxd4 Bxd4 20. Rcd1 g6 (20... Qb6 21. Bxh7+ Kxh7 22. Qd3+) 21. Qa4 gxf5 22. Rxd4 $14 {1/2 Polak,T (2535)-Prusikin,M (2545)/Austria 2012/CB16_2012 (38)}) 12... Bb6 13. Rc1 d4 14. e4 $5 {[%csl Rb6,Yd3,Rd4]} Ng4 15. Nf5 Nge5 16. Nbd6 Rb8 17. Bb5 $14 {1-0 Rapport,R (2543)-Gustafsson,J (2643)/Caleta 2012/CB05_2012 (47)}) 9... c5 $1 10. dxc5 Bxc5 11. O-O Nc6 12. Rc1 $146 ({RR} 12. Bf3 h6 13. h4 Rc8 14. h5 Qd7 15. Rc1 Rfd8 16. Nb5 Bb6 17. Nd6 Rc7 18. Qa4 Nd4 19. Qxd7 Nxf3+ 20. gxf3 Rcxd7 21. Nc8 d4 22. Nxb6 axb6 23. exd4 Rxd4 24. Be3 Rh4 25. Rc7 Bxa2 26. Rxb7 Bc4 {Paasikangas Tella,J (2265)-Garcia Vicente,N (2260) Elista 1998 1-0 (39)}) 12... d4 $1 $11 {So Black has successfully realised his plan. Chances are equal.} 13. Nce4 Bb6 ({Frankly speaking, I don't understand why not} 13... Be7 $1 {which is standard in the position with the  on d3. On trying to compare the two, but don't see any plus for this position -  on e2. Black is pretty ok everywhere here below:} 14. Nxf6+ (14. Nc5 Bxc5 15. Rxc5 Nd5 $1 $11) (14. Ng5 $6 dxe3 15. Bxe3 Qxd1 16. Bxd1 Bxa2 $1) 14... Bxf6 15. e4 (15. Ne4 dxe3) 15... Be5 {(the safest)} (15... Bxa2 $5) (15... g5 $5 16. Bd2 d3) 16. Bxe5 Nxe5 17. f4 d3 $36) 14. Bg5 {Now White can damage Black's pawn structure.} dxe3 15. Nxf6+ gxf6 16. Bxe3 {Well, may be Black wanted the resulting endgame here. He is still ok.} Qxd1 17. Bxd1 (17. Rfxd1 Bxe3 18. fxe3 Bxa2 $11) 17... Rfd8 ({Even now Black could perhaps try} 17... Bxa2 $5 $13 {I don't see a clear way to catch the .} 18. b3 Rfd8 19. Ne4 Kg7 20. Nc3 (20. Ra1 Nb4 21. Nc3 (21. Bd2 a5 (21... Bd4)) 21... Bxe3 22. fxe3 Rd2) 20... Bxe3 21. fxe3 Rd2 22. Ne4 Rb2) 18. Ne4 Kg7 19. a3 Rac8 (19... Ne5 $5) 20. Nc5 $1 {Black has done nothing and his opponent has slowly obtained an edge.} Bxc5 21. Rxc5 b6 22. Rc3 $14 {[%csl Yd1,Ye3,Rf6,Rf7,Rh7] } Ne5 23. Rxc8 Rxc8 24. Re1 b5 25. h3 a5 26. Be2 Bc4 27. Bd4 ({I would prefer to save the .} 27. Bh5 $5 Nd3 28. Re2 $14) (27. Rc1 $5 $14 Rd8 28. Bh5 (28. Rd1 $5 Rc8 29. Bxc4 (29. Kf1) 29... Nxc4 30. Rd5)) 27... Nc6 28. Bg4 Be6 29. Bxe6 fxe6 30. Rc1 Kf7 31. Rc5 b4 32. a4 $1 {[%csl Ra5]} e5 33. Be3 Ke6 {[%csl Ra5,Yc5,Rc8,Ye6,Rg1] Now it seems, that the active black  can't fully compensate for the active white . White now needs just to activate his ...} 34. g4 {[%cal Gg1g2,Gg2f3,Gf3e4]} (34. Kh2 $5 {[%cal Gh2g3,Gg3h4,Gh4h5,Gh5h6]}) 34... f5 $1 {[%cal Yc8g8]} 35. gxf5+ (35. f4 $5 fxg4 36. hxg4 exf4 37. Bxf4 Ne7 38. Re5+ Kd7 39. Rxa5 Rc2 40. b3 Rc3 41. Rh5 Rxb3 42. Rxh7 Ke6 $11 {[%csl Yb3,Rg1]}) 35... Kxf5 36. Kf1 Ke6 $2 ({It was necessary to activate the strongest black piece!} 36... Ne7 $1 37. Rxc8 (37. Rxa5 Rc2 {[%csl Yc2,Rf1]}) 37... Nxc8 38. Ke2 e4 {and though the situation of Black is critical I don't see any deadly zugzwang, e.g.:} 39. Bd4 Ke6 40. b3 Kd5 41. Ke3 Ne7 42. Bb6 Nc6 43. Bc7 h6 $8 44. h4 h5 $8 45. Bb6 Ke5 46. Bc7+ Kd5 $11) 37. b3 $2 (37. Ke2 $1 Kd6 (37... e4 38. Kd2 {[%csl Ra5,Re4,Rh7][%cal Yc5h5,Gd2c2,Gc2b3,Gb3c4,Gc4b5]}) 38. Kd3 $16 {[%cal Gd3e4,Gd3c4,Gc4b5] /+-}) 37... Kd6 $11 {Black has released his rook after all.} 38. Rc4 (38. Ke2 Nd4+ $1 39. Bxd4 Rxc5 40. Bxc5+ Kxc5 $11) 38... Rg8 39. Rh4 Rg7 40. Ke2 Kd5 $1 {[%csl Yd5]} 41. Kd3 Rf7 {At this moment Yuriy shuld realise that he has no advantage any more and start to play for a draw. But that is not so easy to admit...} 42. Rh6 $6 (42. Rh5 $11) 42... Nd4 $1 {What a nice trick!} 43. Rh5 (43. Bxd4 $2 e4+ $1 44. Ke3 Rf3+ 45. Kd2 Kxd4 46. Rd6+ Ke5 $19 {[%csl Yb4,Rd2,Ye4,Ye5,Yf3]}) 43... Ne6 $6 (43... Nxb3 $1 44. f4 Re7 {[%cal Gb3c5]} 45. fxe5 Rc7 $1 $15) 44. Kc2 $2 (44. Ke2 Nd4+ 45. Kd3 Nxb3) (44. h4 $1 {Was a must.} Rd7 (44... Rxf2 45. Bxf2 (45. Rxe5+ $5) 45... Nf4+ 46. Kd2 Nxh5 47. Bb6 $132) (44... Rc7 $2 45. f4 Rc3+ 46. Kd2 Kd6 47. Rxe5 $18) 45. f4 (45. Rh6 $2 Rc7 46. Rh5 Rf7 $22 (46... Rc3+ $5) 47. Rh6 Nd4) 45... Nxf4+ 46. Bxf4 Kc6+ 47. Ke3 exf4+ $11) {Now Black will try his luck and succeed in the end.} 44... Rc7+ (44... Nf4 $1 45. Rh6 Rc7+ $17) 45. Kb2 Ke4 46. Bb6 Rf7 47. Bxa5 Rxf2+ 48. Kb1 Rf1+ 49. Kb2 Nf4 50. Rxh7 Nd3+ 51. Kc2 $4 (51. Ka2 $8 $15 {[%csl Ra2,Yd3,Ye4,Ye5,Yf1]}) 51... Ke3 {[%cal Gf1c1]} 52. Bb6+ Ke2 0-1

[Event "Norway Chess 8th"]
[Site "Stavanger"]
[Date "2020.10.06"]
[Round "2"]
[White "Carlsen, Magnus"]
[Black "Firouzja, Alireza"]
[Result "1/2-1/2"]
[WhiteElo "2863"]
[BlackElo "2728"]
[Annotator "Kapnisis,Spyridon"]
[PlyCount "103"]
[EventDate "2020.10.05"]
[EventType "tourn"]
[EventRounds "10"]
[EventCountry "NOR"]
[EventCategory "21"]
[SourceTitle "CBM 199"]
[Source "ChessBase"]
[SourceDate "2020.12.01"]
[SourceVersion "1"]
[SourceVersionDate "2020.12.01"]
[SourceQuality "1"]

{[%evp 0,103,32,44,13,-24,-22,-14,0,-39,-32,-23,-10,-19,-10,-52,-7,-12,44,25,50,51,41,18,32,12,21,-4,20,0,34,-34,61,48,50,50,50,46,52,23,53,21,39,29,44,45,58,35,39,39,51,38,38,-26,38,20,63,63,48,15,11,-16,-14,-44,36,13,-5,-5,-5,-23,65,-16,15,2,1,-33,-33,-72,-72,-73,-107,-34,-25,-30,10,-13,-13,-21,-24,5,8,8,13,0,4,0,0,-20,-25,-27,-11,0,54,55,54,48]} 1. d4 Nf6 2. c4 e6 3. Nc3 d5 4. cxd5 exd5 5. Bg5 c6 6. e3 h6 7. Bh4 Be7 8. Bd3 (8. Qc2 O-O 9. Nf3 {Carlsen decided to avoid d3, ge2 in the Armageddon game that followed our main game. His choice of 9.f3 didn't pose any problems to Firouzja.} Re8 10. Bd3 Ne4 $1 11. Bxe7 Qxe7 12. Bxe4 (12. O-O Nd7 13. Rfc1 Ndf6 14. Ne5 Bf5 $13) 12... dxe4 13. Nd2 f5 14. O-O-O $2 {Carlsen tried to play for a win but soon ended up clearly worse.} (14. O-O Nd7 $13 {[%cal Yd7f6]} (14... Be6)) 14... Nd7 15. g4 fxg4 16. Ndxe4 Nb6 17. Ng3 Be6 $17 {1-0 (47) Carlsen,M (2863)-Firouzja,A (2728) Stavanger NOR 2020}) 8... O-O (8... Nbd7 {followed by h5 is a lot more common.}) 9. Nge2 Re8 10. O-O Nbd7 (10... Ne4 $6 11. Bxe7 Nxc3 (11... Qxe7 12. Bxe4 dxe4 13. Ng3 f5 14. f3 exf3 15. Rxf3 $16) 12. Bxd8 Nxd1 13. Rfxd1 Rxd8 14. b4 $14) 11. f3 (11. Qc2 a5) 11... b5 $5 12. Bf2 (12. e4 $6 b4 13. e5 (13. Na4 $2 dxe4 14. fxe4 Nxe4 $1 $19) 13... bxc3 14. exf6 Nxf6 15. bxc3 Qa5 $132 {[%cal Yc8a6,Yc6c5]}) 12... Bb7 {[#]} (12... Nb6 13. b3 (13. Ng3 $5) 13... a5 14. Rc1 Bb7 15. Ng3 b4 16. Nce2 $14 {1-0 (40) Rodshtein,M (2685)-Eljanov,P (2655) Netanya 2019}) ({RR} 12... a5 13. Ng3 Ba6 14. Kh1 b4 15. Nce2 Bxd3 16. Qxd3 c5 17. dxc5 Nxc5 18. Qd2 Ne6 19. Nf5 Rf8 20. Rac1 Re8 21. Rc6 Bf8 22. Rfc1 Qd7 23. Nfd4 Rec8 24. Rxc8 Rxc8 25. Rxc8 Qxc8 26. g4 g6 27. Kg2 {Grischuk,A (2745)-Ding Liren (2811) chess.com INT 2022 ½-½ (82)}) ({RR} 12... a5 13. Rc1 Nb6 14. b3 a4 15. h3 Ba6 16. e4 axb3 17. axb3 b4 18. Na4 Bxd3 19. Qxd3 Nxa4 20. bxa4 Rxa4 21. e5 Ra3 22. Qc2 Nd7 23. Qxc6 Nb6 24. f4 b3 25. Qb5 Nc4 26. Nc3 b2 27. Rc2 {Ganiev,A (2356)-Svane,F (2655) chess.com INT 2026 0-1 (49)}) 13. Ng3 (13. e4 $6 b4 14. Na4 $6 (14. e5 bxc3 15. exf6 Bxf6 16. Nxc3 Nf8 $132 {[%csl Rd4][%cal Yf8e6]}) 14... dxe4 15. fxe4 c5 $1 16. e5 Ne4 $17 {Black is already in the driver's seat.}) (13. Rc1 $5 a6 14. Bb1 c5 15. dxc5 Bxc5 16. Nd4 Ne5 17. b3 Rc8 {Black's position seems quite solid.} (17... Qb6)) 13... b4 14. Na4 (14. Nce2 c5 15. dxc5 Bxc5 16. Nd4 a5) 14... c5 15. Nf5 $146 {[#]} (15. b3 $5 Qa5 (15... Rc8 16. Rc1 cxd4 17. exd4 {I would feel slightly better with White here although objectively Black should be ok.}) 16. Rc1 Rac8 17. Nf5 Bf8 18. dxc5 Nxc5 19. Nxc5 Rxc5 $13) (15. dxc5 Bc6 $5 16. Nf5 Bf8 17. Nd4 Bxa4 18. Qxa4 Nxc5 19. Qd1 Nxd3 20. Qxd3 Nd7 $13) (15. Nxc5 Nxc5 16. dxc5 Bxc5 17. Nf5 Qb6 $13) ({RR} 15. dxc5 Nxc5 16. Bb5 Ncd7 17. Nf5 Bf8 18. Rc1 Qa5 19. Nd4 Rac8 20. b3 Rxc1 21. Qxc1 Rc8 22. Qd2 Nb6 23. Rc1 Rxc1+ 24. Qxc1 Nxa4 25. Bxa4 Bc5 26. Qc2 {½-½ (26) Stremavicius,T (2506)-Jacobson,B (2530) Charlotte 2021}) 15... Bf8 $6 {Firouzja hesitates and decides not to change the pawn structure by playing c4.} (15... c4 $5 16. Nxe7+ $1 (16. Bc2 Bf8 $17 {[%cal Yg7g6]}) 16... Qxe7 17. Bc2 a5 18. Re1 Qd6 $132 {Black seems to have everything under control. e4 is more or less stopped and Black will focus on trying to take advantage of the unfortunate position of the a4.}) 16. Nxc5 (16. dxc5 $6 Bc6 $5) 16... Nxc5 17. dxc5 Bxc5 18. Rc1 Qb6 19. Qa4 {[#]} Bc8 $1 {Black correctly kicks the knight out of f5 and transfers his bishop to d7.} 20. Nd4 Bd7 21. Qa6 (21. Qd1 a5 {is quite comfortable for Black.}) 21... Re7 (21... Rec8 $5) 22. Rfd1 (22. Rc2 {Doubling the rooks on the c-file was another rather obvious plan but still Black seems to have adequare resources:} Ne8 $1 {Black knight should move to c7 to force White's queen out of a6.} (22... Rc8 $2 23. Nb3 $16) 23. Rfc1 Nc7 24. Bh7+ $5 (24. Qxb6 axb6 {Black has everything under control.}) 24... Kxh7 $2 (24... Kh8 25. Qd3 Na6 (25... Bxd4 26. Qxd4 (26. exd4 $2 Ne6 $19) 26... Qxd4 27. exd4 Ne6 28. Bd3 Ree8 $1 29. Re1 a5 $14 {I wouldn't prefer being Black against Carlsen in this position although Black should be quite ok.}) 26. Bf5 b3 $1 27. Qxb3 Qxb3 28. axb3 Bxd4 29. Bxd7 Bxe3 30. Bxe3 Rxe3 $11) 25. Qd3+ Kg8 26. Rxc5 $18) 22... Ne8 {[#]} 23. Qxb6 $6 {It doesn't make much sense to me to take on b6 before Black commits his knight to c7.} (23. Bf1 {Making room for the white queen on d3 makes a lot of sense.} Nc7 (23... Nd6 $2 24. e4 (24. Rxc5 $5 Qxc5 25. e4 Ree8 26. Nb3 Qc6 27. Rxd5 Nb7 28. Nd4 Qc8 29. b3 $15) 24... Nc4 25. Bxc4 dxc4 26. Qxc4 $16) (23... Be6 $5) {Here White has a pleasant choice:} 24. Qd3 $5 {Black has difficulties equalising even if White keeps the queens on the board.} (24. Qxb6 axb6 25. Nb3 Bd6 26. Bg3 Bxg3 27. hxg3 Be8 (27... Ne8 28. Ra1 (28. Rxd5 Nf6 29. Rd2 Rxe3 30. Kf2 Re5 31. Rc7 {Black remains under pressure.}) 28... Rxe3 29. Nd4 Re7 30. Nc2 $14) (27... Ba4 $2 28. Rd4 $18) 28. Nd4 Rxa2 29. Nf5 $44 {Black hasn't fully solved his problems yet.}) 24... a5 (24... Rc8 25. Rc2 Ne8 26. Rdc1 {looks rather awkward for Black.} Rc7 {[#]} (26... Nd6 27. Qb3) 27. e4 $1 dxe4 28. fxe4 $16 {[%cal Yc2c5]}) 25. Kh1 $5 (25. Rd2 a4 26. Rdc2 Bxd4 27. Qxd4 Qxd4 28. exd4 Ne6 $14) 25... Bd6 $5 (25... a4 $6 26. e4 $1 {Opening the position is in White's favour.} dxe4 27. fxe4 Rae8 28. Qg3 $16) (25... Ree8) (25... Rae8 26. Qc2 Na6 27. Rd2 $16 {[%cal Yc2b3,Yc2d1,Yd2c2]}) 26. e4 (26. Qd2) 26... Qb7 $1 (26... dxe4 $2 27. fxe4 $18 {[%cal Yd4f5]}) 27. Nf5 (27. exd5 Nxd5 (27... Qxd5 $2 28. Nc6 $1 Bxc6 29. Qb1 $18) 28. Nb3 (28. Nf5 Bxf5 29. Qxf5 Bf4 $1 $14) 28... Be6 29. Nc5 $14) 27... Bxf5 28. exf5 $14) 23... axb6 24. Bb1 $14 Ba4 {Black feels the need to force b3 so that White will not have this square for his knight.} (24... g6 $5 {Taking away from the white knight the f5 square was a decent alternative.} 25. Ne2 (25. Nb3 Bxe3 26. Bxe3 Rxe3 27. Rxd5 Be6 28. Rd4 Re2 29. Nd2 Nf6 (29... Bxa2 $2 30. Be4 $18 {[%cal Yg1f1]}) 30. Kf1 Re5 31. Rxb4 Rd8 {Black is active enough not to be in real trouble.}) 25... Bf5 $5 (25... Nc7 $6 26. Nf4) (25... Bxe3 26. Bxe3 Rxe3 27. Kf2 $14) 26. Bxf5 gxf5 {Black's pawn structure is ridiculous but White fails to prove a clear advantage since his own pawns are under attack as well.} 27. Rxd5 Rxa2 28. Rd2 (28. Rb1 Rea7 $1 $13) 28... Rxe3 $1 29. Rxc5 Ra1+ $1 30. Rc1 Rxe2 31. Rxe2 Rxc1+ 32. Re1 $11) 25. b3 (25. Nf5 $5 Rd7 26. b3 Bb5 27. Bg3 $14) 25... Bd7 26. Ne2 Nc7 27. Rd2 {[#]} Bc6 $1 28. Nd4 (28. Nf4 $2 Nb5 $1 $15 {[%cal Yb5c3]}) 28... Bb7 29. g4 Ne6 (29... g6 $5 {Stopping f5 made a lot of sense.} 30. h4 Ne6 31. Bg3 (31. h5 Nxd4 32. exd4 Bd6 $11 {[%cal Yd6f4]}) 31... Ng7 $5 $13 {[%cal Yh6h5]}) 30. Nf5 Rc7 $6 {At this point Firouzja was running low on time and this certainly made his defensive task a lot more difficult.} (30... Rd7 $5 {Black should have tried to make d4 work as soon as possible.} 31. h4 (31. Kg2 g6 32. Ng3 $13) (31. Rcd1 g6) 31... d4 32. Nxd4 (32. e4 $6 Ba6 $15) (32. exd4 Bxf3) (32. Kg2) 32... Bxd4 33. Kg2 Bxe3 34. Rxd7 Nf4+ 35. Kh2 Bxc1 36. Rxb7 Rd8 {Again Black's activity provides enough counterplay for his weak pawn structure.}) 31. h4 {[#]} Rac8 $6 (31... Bxe3 {Simplifying the position was Black's best chance to equalise although it is perfectly understandable why he decided against this option.} 32. Rxc7 Bxf2+ 33. Kxf2 Nxc7 34. Nd6 $36) 32. Rcd1 Bf8 33. Bg3 $1 Rc3 (33... Rd7 34. Be5 $16) 34. Kf2 Bc5 {[#]} 35. Bd3 $2 {Here Carlsen probably thought that his position was good anyway and that he would take advantage of Black's time pressure by playing some solid moves. d3 is a very logical move since it stops any counterplay on the 3rd rank against e3 and f3, but it appears that there is a more concrete way to secure a winning advantage.} (35. Bd6 $1 d4 (35... Rd8 36. Bxc5 bxc5 37. Rxd5 Bxd5 38. Ne7+ Kf8 39. Nxd5 $18) (35... Ra8 36. Ne7+ Kh8 37. Nxd5 Bxd5 38. Bxc5 bxc5 39. Rxd5 $18) (35... Re8 36. Bxc5 Nxc5 37. h5 $18 {[%cal Yd2d4]}) 36. exd4 $1 (36. Ne7+ $2 Kh8 37. Bxc5 bxc5 38. exd4 Rxf3+ 39. Kg1 Rc7 $13) 36... Rxf3+ {If I had to guess I would say that Carlsen calculated up to this point and considered this position quite messy and searched for other moves.} 37. Kg1 Bxd6 38. Nxd6 Rg3+ 39. Kh2 Rcc3 40. Nxb7 $18) (35. Rd3 $5 $16 {[%cal Yg3e5]}) 35... d4 36. e4 Ra8 $1 {[%cal Yb7a6]} 37. Bc4 {[#]} Rc2 $1 {Very nice resource found by Firouzja with only a few minutes on the clock!} (37... d3+ $5 38. Kg2 Ba6 39. Bd5 (39. Bxa6 $2 Rxa6 $17 {[%cal Yf7f6,Ya6a7,Ya7d7]}) 39... Ra7 $13) (37... Ba6 $5) 38. Bd3 (38. Be5 Raxa2 39. Ke1 $11) 38... Rcxa2 39. Be5 Rxd2+ (39... f6 40. Bd6 {[%cal Yd3c4]}) 40. Rxd2 Ra5 41. Kg3 Ba6 $11 (41... Bf8 $5 42. Bd6 Bxd6+ 43. Nxd6 Ba6 44. Bxa6 Rxa6 45. Nb5 Ra8 46. Kf2 Rd8 {White should be able to make a draw without too much trouble.}) 42. Bxa6 Rxa6 43. Nxd4 Bxd4 44. Bxd4 Ra3 45. Rd3 Nxd4 46. Rxd4 Rxb3 47. Rd8+ Kh7 48. h5 Ra3 49. Rd4 Ra4 50. e5 Ra5 51. Rxb4 Rxe5 52. Rxb6 {A good result for Firouzja who handled a bad position and time pressure with remarkable maturity and posed enough problems to Carlsen to get away with half a point. On the other hand Carlsen managed to get a winning advantage from an equal position, in typical Carlsen style, but failed to get the point.} 1/2-1/2